Εκπαίδευση : πολιτισμικές διαφορές και κοινωνικές ανισότητες.
Αποθηκεύτηκε σε:
| Μορφή: | Βιβλίο |
|---|---|
| Γλώσσα: | Greek |
| Δημοσίευση: |
Πάτρα :
Ελληνικό Ανοικτό Πανεπιστήμιο,
2001.
|
| Θέματα: | |
| Ετικέτες: |
Προσθήκη ετικέτας
Δεν υπάρχουν, Καταχωρήστε ετικέτα πρώτοι!
|
MARC
| LEADER | 00000cam a2200000 i 4500 | ||
|---|---|---|---|
| 001 | 1/43092 | ||
| 008 | 070416s2001 gr | ||| |||| ||gre|| | ||
| 020 | |a 960538853 |q (τ.1) | ||
| 020 | |a 9605383454 |q (τ. 2) | ||
| 035 | |l 10087519 | ||
| 035 | |l 10088093 | ||
| 040 | |a GR-MY-UA |b gre |e aacr | ||
| 082 | 0 | |a 370.117 |2 (22) | |
| 245 | 1 | 0 | |a Εκπαίδευση : |b πολιτισμικές διαφορές και κοινωνικές ανισότητες. |
| 260 | |a Πάτρα : |b Ελληνικό Ανοικτό Πανεπιστήμιο, |c 2001. | ||
| 300 | |a 2 τ. ; |c 28 εκ. | ||
| 500 | |a Σχολή Ανθρωπιστικών Σπουδών, Πρόγραμμα Σπουδών: Σπουδές στην Εκπαίδευση. | ||
| 504 | |a Περιέχει βιβλιογραφικές παραπομπές. | ||
| 505 | 8 | |a Τ. 1. Κοινωνικές ταυτότητες/ετερότητες-κοινωνικές ανισότητες, διγλωσσία και σχολείο / Θάλεια Δραγώνα .. [κ.ά.] -- τ. 2. Εθνοπολιτισμικές διαφορές και εκπαίδευση / Αλεξάνδρα Ανδρούσου ... [κ.ά]. | |
| 650 | 0 | 0 | |a Multicultural education. |
| 650 | 0 | 0 | |a Educational equalization. |
| 650 | 0 | 0 | |a Education, Bilingual. |
| 740 | 0 | |a Κοινωνικές ταυτότητες/ετερότητες-κοινωνικές ανισότητες, διγλωσσία και σχολείο. | |
| 740 | 0 | |a Εθνοπολιτισμικές διαφορές και εκπαίδευση. | |
| 852 | |a INST |b LESVOS |e 20220721 |h 370.117 ΕΚΠ |p 005100035973 |q 005100035973 |t BK |v τ.2: |y 0 | ||
| 852 | |a INST |b LESVOS |e 20220721 |h 370.117 ΕΚΠ |p 005100037023 |q 005100037023 |t BK |v τ.1: |y 0 | ||
| 853 | |a INST |b LESVOS |h 370.117 ΕΚΠ | ||
| 901 | |a BIBL1-2007-1 | ||
| 970 | |a ΤΖΑΦΕΡΗ |b ΕΥΑΓΓΕΛΙΑ |z 2007/06/01 | ||